Final stage impact assessment 0015 (Record no. 111297)

MARC details
000 -LEADER
fixed length control field 01170cad a22002175a 4500
001 - CONTROL NUMBER
control field L151332
008 - FIXED-LENGTH DATA ELEMENTS--GENERAL INFORMATION
fixed length control field 101022s2010 xxk f 000 0 eng d
020 ## - INTERNATIONAL STANDARD BOOK NUMBER
International Standard Book Number 9781409825821
035 ## - SYSTEM CONTROL NUMBER
System control number (Sirsi) u151332
041 0# - LANGUAGE CODE
Language code of text/sound track or separate title eng
050 04 - LIBRARY OF CONGRESS CALL NUMBER
Classification number 306 $2 18
110 2# - MAIN ENTRY--CORPORATE NAME
Corporate name or jurisdiction name as entry element United Kingdom
Subordinate unit Department for Communities and Local Government
9 (RLIN) 4939
245 00 - TITLE STATEMENT
Title Final stage impact assessment 0015
Remainder of title consolidation of the Building Regulations 2000 (as amended) and the Building (Approved Inspectors etc) Regulations 2000 (as amended)
Medium [electronic resource]
260 ## - PUBLICATION, DISTRIBUTION, ETC.
Place of publication, distribution, etc. London
Name of publisher, distributor, etc. DCLG
Date of publication, distribution, etc. 2010
520 ## - SUMMARY, ETC.
Summary, etc. This impact assessment number 15 accompanies the Building Regulations 2010 and the Building (Approved Inspectors etc.) Regulations 2010; this document assesses the impact of the Consolidation of the Building Regulations 2000 (as amended) and the Building (Approved Inspectors etc.) Regulations 2000 (as amended).
590 ## - LOCAL NOTE (RLIN)
Local note KA NTK
651 #4 - SUBJECT ADDED ENTRY--GEOGRAPHIC NAME
Geographic name England and Wales
Chronological subdivision 1543-
690 ## - LOCAL SUBJECT ADDED ENTRY--TOPICAL TERM (OCLC, RLIN)
Topical term or geographic name as entry element Building regulations
9 (RLIN) 6224
856 40 - ELECTRONIC LOCATION AND ACCESS
Uniform Resource Identifier <a href="https://www.communities.gov.uk/documents/planningandbuilding/pdf/1733841.pdf">https://www.communities.gov.uk/documents/planningandbuilding/pdf/1733841.pdf</a>
Public note View the item free of charge at www.communities.gov.uk
942 ## - ADDED ENTRY ELEMENTS (KOHA)
Suppress in OPAC 0
Holdings
Withdrawn status Lost status Source of classification or shelving scheme Damaged status Not for loan Home library Current library Shelving location Date acquired Total Checkouts Full call number Barcode Date last seen Copy number Price effective from Koha item type
    Dewey Decimal Classification     Virtual Virtual Online 22/10/2010   ONLINE PUBLICATION 151332-2001 06/08/2019 1 06/08/2019 Book